Tilastot visalle Etelä-Amerikan valtiot tyhjällä kartalla

Klikkaa tästä pelataksesi tätä visaa!

Yleistilastot

  • Tätä visaa on pelattu 1 922 kertaa
  • Keskiarvotulos 11 / 12

Vastaukset kartalla

Vastauksille on annettu kartalla punavihreä väri sen mukaan, kuinka moni on saanut sen oikein.
 

Vastaustilastot

Valtio% Oikein
Brasilia
99%
Argentiina
98%
Chile
98%
Peru
96%
Paraguay
95%
Uruguay
95%
Bolivia
94%
Kolumbia
94%
Venezuela
93%
Ecuador
88%
Guyana
84%
Suriname
83%

Tulosjakauma

Persentiili vastausten määrän mukaan

Jokaisen tuloksen saaneiden osuus

Tuloshistoriasi

Et ole pelannut tätä visaa